Globálny marketing

Gespeichert in:
Bibliographische Detailangaben
1. Verfasser: Dudinská, Elvíra
Körperschaft: Ekonomická univerzita v Bratislave. Podnikovohospodárska fakulta so sídlom v Košiciach
Format: Buch
Sprache:Slowakisch
Veröffentlicht: Bratislava Vydavateľstvo EKONÓM 2001
Schlagworte:
Tags: Tag hinzufügen
Keine Tags, Fügen Sie das erste Tag hinzu!

MARC

LEADER 00000nam a2200000 4500
001 c124023
005 20221124101418.2
020 |a 80-225-1337-7 
041 0 |a slo 
044 |a SK 
245 1 0 |a Globálny marketing  |c Elvíra Dudinská 
264 1 |a Bratislava  |b Vydavateľstvo EKONÓM  |c 2001 
300 |a 89 s. 
610 2 0 |a marketing 
610 2 0 |a stratégia marketingová 
610 2 0 |a kultúra 
610 2 0 |a marketing medzinárodný 
610 2 0 |a globalizácia 
100 1 |a Dudinská, Elvíra 
710 2 |a Ekonomická univerzita v Bratislave. Podnikovohospodárska fakulta so sídlom v Košiciach